00425nam a2200157Ia 4500999001500000003000400015005001700019008004100036040000900077082001700086100002100103245005200124260004200176300000900218942004000227 c5572d5572OSt20200118121953.0190216s9999||||xx |||||||||||||| ||und|| coclc a658.8bMIS/P aMisra, S K 9502 0aPrinciples Of Marketing Management /cS K Misra bKalyani Publishers,c1996.aLudhiana: a200p cBK2ddch658.8iMIS/Pk658.8mMIS/P